MARC details
| 000 -CABECERA |
| campo de control de longitud fija |
03232cam a22002897a 4500 |
| 003 - IDENTIFICADOR DEL NÚMERO DE CONTROL |
| campo de control |
MX-MxUPN |
| 005 - FECHA Y HORA DE LA ÚLTIMA TRANSACCIÓN |
| campo de control |
20260326114404.0 |
| 008 - ELEMENTOS DE LONGITUD FIJA--INFORMACIÓN GENERAL |
| campo de control de longitud fija |
230804b |||||||| |||| 00| 0 spa d |
| 020 ## - NÚMERO INTERNACIONAL NORMALIZADO PARA LIBROS |
| Número Internacional Estándar del Libro |
9788499872117 |
| 040 ## - FUENTE DE LA CATALOGACIÓN |
| Centro catalogador/agencia de origen |
MX-MxUPN |
| Lengua de catalogación |
spa |
| 050 #4 - SIGNATURA TOPOGRÁFICA DE LA BIBLIOTECA DEL CONGRESO |
| Número de clasificación |
LB1707 |
| Número de documento/Ítem |
F676 2021 |
| 245 ## - MENCIÓN DE TÍTULO |
| Título |
Formación docente y desarrollo de competencias en el profesorado: |
| Resto del título |
hacia un modelo para la calidad educativa. |
| 250 ## - MENCIÓN DE EDICIÓN |
| Mención de edición |
Primera edición. |
| 260 ## - PUBLICACIÓN, DISTRIBUCIÓN, ETC. |
| Lugar de publicación, distribución, etc. |
España: |
| Nombre del editor, distribuidor, etc. |
Wolters Kluwer, |
| Fecha de publicación, distribución, etc. |
2021. |
| 300 ## - DESCRIPCIÓN FÍSICA |
| Extensión |
354 páginas. |
| 490 0# - MENCIÓN DE SERIE |
| Mención de serie |
Cuadernos de pedagogía |
| 505 00 - NOTA DE CONTENIDO CON FORMATO PREESTABLECIDO |
| Título |
El profesorado ante el método : directrices básicas para una enseñanza estratégica / |
| Mención de responsabilidad |
Fermín Navaridas Nalda. -- |
| Título |
Educación para la ciudadanía mundial : España y aprender a ser protagonistas del cambio / |
| Mención de responsabilidad |
Ana María Vega Gutiérrez. -- |
| Título |
Educación emocional para el siglo XXI / |
| Mención de responsabilidad |
Eduardo Fonseca-Pedrero, Adriana Diez-Gómez, Alicia Pérez Albéniz, Félix Inchausti Gómez. -- |
| Título |
La competencia digital en el proceso de enseñanza y aprendizaje de lengua y literatura : recursos estrategias didácticas / |
| Mención de responsabilidad |
Rebeca Lázaro Niso. -- |
| Título |
Estrategias para la resolución de problemas de matemáticas a través del pensamiento computacional |
| Mención de responsabilidad |
Juan Manuel Ribera Puchades. -- |
| Título |
Las funciones ejecutivas en el ámbito educativo : definición, evaluación y promoción / |
| Mención de responsabilidad |
Javier Ortuño-Sierra, Laura Villarreal Buitrago, Julia Pérez Sáenz, Ana Ciarreta López, Rebeca Aritio Solana. -- |
| Título |
La acción tutorial en el proceso de formación permanente del profesorado / |
| Mención de responsabilidad |
Magdalena Sáenz de Jubera Ocón, Rosa Ana Alonso Ruiz, Edurne Chocarro de Luis. -- |
| Título |
Evolución de aprendizaje electrónico : modelo de eLearning para la enseñanza de calidad / |
| Mención de responsabilidad |
Juan Carlos Yáñez-Luna, Mario Arias-Oliva, Antonio Pérez-Portabella López, Jorge Pelegrín-Borondo. |
| Título |
Acción tutorial y acompañamiento en la formación docente online : una aproximación práctica a la figura de la tutoría pedagógica / |
| Mención de responsabilidad |
Noelia Barbed Castrejón. - - |
| Título |
Acción tutorial y acompañamiento en proyectos de aprendizaje / |
| Mención de responsabilidad |
Esther Raya Diez. -- |
| Título |
Dirección y liderazgo pedagógico : de una dirección burocrática a un liderazgo centrado en el aprendizaje / |
| Mención de responsabilidad |
Rosa Ana Alonso Ruiz, Magdalena Sáenz de Jubera Ocón. -- |
| Título |
Calidad y mejora en los centros escolares / |
| Mención de responsabilidad |
Mónica Clavel San Emeterio, Leonor González Menorca, Emma Juaneda Ayensa. -- |
| Título |
Elementos y recursos para una comunicación efectiva del docente / |
| Mención de responsabilidad |
Fernando García Andreva, Delia Gavela García. -- |
| Título |
Trabajo en equipo y planes de mejora desde un enfoque inclusivo : atención a la diversidad / |
| Mención de responsabilidad |
Edurne Chocarro de Luis. -- |
| Título |
Ocio y salud : elementos vertebradores del proyecto educativo como escenario para el bienestar personal y comunitario / |
| Mención de responsabilidad |
María Ángeles Valdemoros San Emeterio, Ana Ponce de León Elizondo. |
| 650 #4 - ASIENTO SECUNDARIO DE MATERIA - TERMINO TEMATICO |
| Término de materia o nombre geográfico como elemento de entrada |
Maestros |
| Subdivisión general |
Formación profesional |
| 9 (RLIN) |
804 |
| 650 #7 - ASIENTO SECUNDARIO DE MATERIA - TERMINO TEMATICO |
| 9 (RLIN) |
1510 |
| Término de materia o nombre geográfico como elemento de entrada |
Estrategias educativas |
| 650 #4 - ASIENTO SECUNDARIO DE MATERIA - TERMINO TEMATICO |
| Término de materia o nombre geográfico como elemento de entrada |
Tutoría en la educación |
| 9 (RLIN) |
5718 |
| 650 #4 - ASIENTO SECUNDARIO DE MATERIA - TERMINO TEMATICO |
| Término de materia o nombre geográfico como elemento de entrada |
Administración educativa |
| 9 (RLIN) |
498 |
| 700 1# - ASIENTO SECUNDARIO--NOMBRE DE PERSONAL |
| 9 (RLIN) |
49738 |
| Nombre de persona |
Navaridas Nalda, Fermín |
| Término indicativo de función/relación |
coordinación |
| 700 1# - ASIENTO SECUNDARIO--NOMBRE DE PERSONAL |
| 9 (RLIN) |
49739 |
| Nombre de persona |
Raya Diez, Esther |
| Término indicativo de función/relación |
coordinación |
| 902 ## - ELEMENTOS DE DATOS B LOCAL, LDB (RLIN) |
| Creó |
MarisolGarcía/040823 |
| Modificó |
VíctorGodínez/150823 |
| 942 ## - ELEMENTOS DE PUNTO DE ACCESO ADICIONAL (KOHA) |
| Fuente del sistema de clasificación o colocación |
Library of Congress Classification |
| Tipo de ítem Koha |
Libro |
| Suprimir en OPAC |
No |